[Event "Titled Tuesday intern op 21st Feb Early"]
[Site "Chess.com INT"]
[Date "2023.02.21"]
[Round "9"]
[White "Belozerov, Andrei"]
[Black "Zhigalko, Sergei"]
[Result "0-1"]
[WhiteElo "2460"]
[BlackElo "2572"]
[PlyCount "54"]
[EventDate "2023.02.21"]
[EventType "swiss (blitz)"]
[EventRounds "11"]
[EventCountry "USA"]
[SourceTitle "CBM 212 Extra"]
[Source "ChessBase"]
[SourceDate "2023.03.31"]
[SourceVersion "1"]
[SourceVersionDate "2023.03.31"]
[SourceQuality "1"]

1. d4 Nf6 2. c4 e6 3. g3 c5 4. Nf3 cxd4 5. Nxd4 Qc7 6. Bg2 Qxc4 7. 0-0 Nc6 8. Nb3 d5 9. Nc3 Be7 10. Bf4 0-0 11. Rc1 Qa6 12. e4 Rd8 13. exd5 exd5 14. Re1 Be6 15. Bf1 Qb6 16. Nb5 Rac8 17. N3d4 Nxd4 18. Qxd4 Bc5 19. Rxc5 Qxc5 20. Qxc5 Rxc5 21. Be3 Rc2 22. Bd4 a6 23. Bd3 Rd2 24. Bb6 Rf8 25. Bf1 axb5 26. Rb1 Bf5 27. Re1 Rxb2 0-1